| 000 | 01351nam a22002177a 4500 | ||
|---|---|---|---|
| 999 |
_c62758 _d62758 |
||
| 003 | Ge_BSU | ||
| 005 | 20250207174202.0 | ||
| 008 | 250207s2010 ge ||||| |||| 00| 0 geo d | ||
| 020 | _a9789941027444 | ||
| 041 | _ageo | ||
| 080 | _a316.325 : 321.7(479.22) ს-23 | ||
| 245 |
_aსამოქალაქო საზოგადოება თუ სამოქალაქო ომი? : _b[კრებული მომზადებულია პროექტის "აქტიური საზოგადოება პრაქტიკაში" ფარგლებში] / _cფოტო გიორგი ცაგარელი. |
||
| 264 |
_aთბ. : _bქალთა საინფორმ. ცენტრის გამ-ბა, _c2010. |
||
| 300 |
_a188 გვ. : _bფოტ. ; _c23 სმ. |
||
| 500 | _aპოლონეთიდან საქართველოში დელეგაციის ვიზიტის ანგარიში/ | ||
| 504 | _aბიბლიოგრ. ტექსტ. შენიშვნ. | ||
| 653 | _aსამოქალაქო საზოგადოება | ||
| 653 | _aდემოკრატია საქართველოში | ||
| 653 | _aსოციალური ცვლილებები | ||
| 942 |
_2udc _cᲬᲘᲒᲜᲘ |
||